000 01604nam a2200301 i 4500
001 154213
003 ES-MaACL
005 20250904002238.0
008 991023s1795 sp a |||| | spa d
040 _aCAV
_bspa
_cCAV
_dCCPB | CAT
100 1 _aGalli i Camps, Lleonard,
_d1751-1830
_953614
245 1 0 _aNuevas indagaciones acerca de las fracturas de la rótula y de las enfermedades que con ellas tienen relacion
_b: principalmente con la transversal /
_cpor ... D. Leonardo Galli...
260 _aEn Madrid :
_ben la Imprenta Real,
_c1795.
300 _a[2] h., XLVIII, 272 p., [8] h., [1] h. grab., [6] h. grab. pleg. ;
_c4º.
530 _aDisponible en formato digital.
597 _aSign.: [ ]², A-F4, A-Z4, Aa-Nn4.
599 _aLa h. de lám. es un retrato calcográfico del Duque de la Alcudia en p. II.: "J. Beraton le dibuxó ; M.S. Carmona le grabó"
599 _aLas h. lám. pleg. son grabados calcográficos. La h. I, IV y V firmadas por J. Barcelon ; las h. II, III y VI firmadas por "Navia sculp.
650 2 4 _aRótula-
_xFracturas.
_9136841
650 4 _aTraumatología-
_vObras anteriores a 1800.
_9162575
700 1 _aBarcelon Abellán, Juan,
_d1739-1801
_9125811
700 1 _aSalvador Carmona, Manuel,
_d1734-1820
_9102084
700 1 _aGómez de Navia, José (
_d1757-después de 1803)
_9155038
700 1 _aBeratón, José (
_d1747-1796)
_9125924
852 _aES-MaACL
_jR-1049
_z-- Enc. pasta española
_x Olim: G-8874
856 _uhttp://bdh-rd.bne.es/viewer.vm?id=0000079799&page=1
_zBiblioteca Digital Hispánica
999 _c154213
_d154213